书目信息 |
| 题名: |
说岳全传
|
|
| 作者: | 钱彩 著 | |
| 分册: | ||
| 出版信息: | 西安 三秦出版社 1994.09 |
|
| 页数: | 712页 | |
| 开本: | 32开 | |
| 丛书名: | ||
| 单 册: | ||
| 中图分类: | I247.43 | |
| 科图分类: | ||
| 主题词: | 小说--中国 | |
| 电子资源: | ||
| ISBN: | 7-80546-843-5 | |
| 000 | 00527nam0 2200193 45 | |
| 001 | 0103191539 | |
| 005 | 20010412094429.0 | |
| 010 | @a7-80546-843-5@d19.50元 | |
| 100 | @a20010319d1994 km y0chiy0120 ea | |
| 101 | 0 | @achi |
| 105 | @a z 000yy | |
| 200 | 1 | @a说岳全传@AShuo Yue Quan Chuan@f(清)钱彩著@F(Qing)Qian Cai Zhu |
| 210 | @a西安@c三秦出版社@d1994.09 | |
| 215 | @a712页@d32开 | |
| 606 | 0 | @a小说@x中国 |
| 690 | @aI247.43@v3 | |
| 701 | 0 | @a钱彩@4著 |
| 801 | @aCN@bPftUser@c20010319 | |
| 905 | @dI247.43@eQ.080@b337885@f1 | |
| 说岳全传/(清)钱彩著.-西安:三秦出版社,1994.09 |
| 712页;32开 |
| ISBN 7-80546-843-5:19.50元 |
| ● |
| 相关链接 |
|
|
|
正题名:说岳全传
索取号:I247.43/Q.080
 
预约/预借
| 序号 | 登录号 | 条形码 | 馆藏地/架位号 | 状态 | 备注 |
| 1 | 337885 | 203378852 | 社科二线422/422社科库 15排2列5层/ [索取号:I247.43/Q.080] | 在馆 |